| 000 | 00264nam a22001097a 4500 | ||
|---|---|---|---|
| 999 |
_c234390 _d234390 |
||
| 003 | Nust | ||
| 005 | 20170320115946.0 | ||
| 008 | 140526t xxu||||| |||| 00| 0 eng d | ||
| 020 | _a818052053-6 | ||
| 040 | _cASAB | ||
| 082 | _a572.8 | ||
| 100 | _9900 | ||
| 245 |
_aGene Regulation and metabolism _bpostgenomic computational approaches _cedited by Julio Collado-vides |
||
| 300 | _a310 p | ||
| 942 |
_2ddc _cBK |
||